Online
Catalog

Posibilidades de desarrollo de la región del este / (Record no. 29389)

MARC details
000 -CABECERA
campo de control de longitud fija 01013nam a2200241 a 4500
001 - NÚMERO DE CONTROL
campo de control 000029897
003 - IDENTIFICADOR DEL NÚMERO DE CONTROL
campo de control OSt
005 - FECHA Y HORA DE LA ÚLTIMA TRANSACCIÓN
campo de control 20260305073951.0
008 - DATOS DE LONGITUD FIJA--INFORMACIÓN GENERAL
campo de control de longitud fija 110426s1986 dr 000 0 spa d
040 ## - FUENTE DE LA CATALOGACIÓN
Centro catalogador/agencia de origen DO-SdBNP
Lengua de catalogación spa
Centro/agencia transcriptor BNPHU
082 #4 - NÚMERO DE LA CLASIFICACIÓN DECIMAL DEWEY
Número de clasificación 330.97293
Número de documento/Ítem P855d
Número de edición 22
245 00 - MENCIÓN DE TÍTULO
Título Posibilidades de desarrollo de la región del este /
Mención de responsabilidad, etc. editor, Frank Moya Pons.
260 ## - PUBLICACIÓN, DISTRIBUCIÓN, ETC.
Lugar de publicación, distribución, etc. Santo Domingo :
Nombre del editor, distribuidor, etc. FORUM,
Fecha de publicación, distribución, etc. 1986.
300 ## - DESCRIPCIÓN FÍSICA
Extensión 70 p. ;
Dimensiones 22 cm.
490 0# - MENCIÓN DE SERIE
Mención de serie FORUM ;
Designación de volumen o secuencia 25
500 ## - NOTA GENERAL
Nota general Este libro recorre las exposiciones que fueron presentadas en el encuentro sobre las posibilidades de desarrollo de la región del este, celebrado por FORUM en la Casa de la Cultura de La Romana, el domingo 29 de septiembre de 1985.
651 #4 - PUNTO DE ACCESO ADICIONAL DE MATERIA--NOMBRE GEOGRÁFICO
Nombre geográfico República Dominicana
Subdivisión general Condiciones económicas
9 (RLIN) 281
651 #4 - PUNTO DE ACCESO ADICIONAL DE MATERIA--NOMBRE GEOGRÁFICO
Nombre geográfico La Romana (República Dominicana)
Subdivisión general Condiciones económicas
9 (RLIN) 46366
700 1# - PUNTO DE ACCESO ADICIONAL--NOMBRE DE PERSONA
Nombre de persona Moya Pons, Frank,
Fechas asociadas al nombre 1944-
Término indicativo de función/relación ed.
9 (RLIN) 2095
830 #0 - PUNTO DE ACCESO ADICIONAL DE SERIE-TÍTULO UNIFORME
Título uniforme FORUM
Designación de volumen o secuencia 25
9 (RLIN) 7431
910 ## - DATOS DE OPCIÓN DEL USUARIO (OCLC)
Datos de opción del usuario Validado. Control de calidad MFF
942 ## - ELEMENTOS DE PUNTO DE ACCESO ADICIONAL (KOHA)
Fuente del sistema de clasificación o colocación Dewey Decimal Classification
Tipo de ítem Koha Libro
Holdings
Estado de retiro Estado de pérdida Fuente del sistema de clasificación o colocación Restricciones de uso No para préstamo Código de colección Localización permanente Ubicación/localización actual Ubicación en estantería Fecha de adquisición Número de inventario Total de préstamos Signatura topográfica completa Código de barras Fecha visto por última vez Precio válido a partir de Tipo de ítem Koha Nota pública Número de copia
    Dewey Decimal Classification Excluido de préstamo Excluido de préstamo Patrimonio Dominicano Biblioteca Nacional Pedro Henríquez Ureña Patrimonio Dominicano Depósito 26.04.2011 LF1   BNPHU PD 330.97293 P855d 29897-10 25.06.2020 25.06.2020 Libro y Folleto Colección Patrimonio Dominicano Inventariado, 2020/VM/Validado. Control de calidad MFF  
    Dewey Decimal Classification Excluido de préstamo Préstamo restrigido Patrimonio Dominicano Biblioteca Nacional Pedro Henríquez Ureña Patrimonio Dominicano Depósito 31.05.2011 LF1   BNPHU PD 330.97293 P855d 29897-20 25.06.2020 25.06.2020 Libro y Folleto Colección Patrimonio Dominicano Inventariado, 2020/VM/Validado. Control de calidad MFF e. 2

Powered by Koha